书目信息 |
| 题名: |
在地球之外
|
|
| 作者: | 齐奥尔科夫斯基 著 | |
| 分册: | ||
| 出版信息: | 长沙 湖南教育出版社 1999.08 |
|
| 页数: | 211页 | |
| 开本: | 32开 | |
| 丛书名: | ||
| 单 册: | ||
| 中图分类: | P1-49 | |
| 科图分类: | ||
| 主题词: | 天文学 | |
| 电子资源: | ||
| ISBN: | 7-5355-2863-5 | |
| 000 | 00564nam0 2200193 45 | |
| 001 | 0011181776 | |
| 005 | 20001118171232.6 | |
| 010 | @a7-5355-2863-5@d19.60元 | |
| 100 | @a20001118d1999 km y0chiy0120 ea | |
| 101 | 0 | @achi |
| 105 | @a z 000yy | |
| 200 | 1 | @a在地球之外@AZai Di Qiu Zhi Wai@f(苏联)齐奥尔科夫斯基著@F(Su Lian)Qi Ao Er Ke Fu Si Ji Zhu |
| 210 | @a长沙@c湖南教育出版社@d1999.08 | |
| 215 | @a211页@d32开 | |
| 606 | 0 | @a天文学 |
| 690 | @aP1-49@v3 | |
| 701 | 0 | @a齐奥尔科夫斯基@4著 |
| 801 | @aCN@bPftUser@c20001118 | |
| 905 | @b413226-227@dP1-49@eQ208@f2 | |
| 在地球之外/(苏联)齐奥尔科夫斯基著.-长沙:湖南教育出版社,1999.08 |
| 211页;32开 |
| ISBN 7-5355-2863-5:19.60元 |
| ● |
| 相关链接 |
|
|
|
正题名:在地球之外
索取号:P1-49/Q208
 
预约/预借
| 序号 | 登录号 | 条形码 | 馆藏地/架位号 | 状态 | 备注 |
| 1 | 413226 | 204132269 | 社科二线400B/400B社科库 7排2列1层/ [索取号:P1-49/Q208] | 在馆 | |
| 2 | 413227 | 204132278 | 社科二线400B/400B社科库 7排2列1层/ [索取号:P1-49/Q208] | 在馆 |